| 000 | 00692nam a22002417a 4500 | ||
|---|---|---|---|
| 005 | 20170124110145.0 | ||
| 010 | _aB-063971 | ||
| 020 |
_c150.00 _a9780773761544 |
||
| 035 | _aB-063971 | ||
| 037 | _bCen Lib/Ret | ||
| 040 |
_aDPL _bEN |
||
| 082 |
_a658.4 _bCHA |
||
| 100 |
_aCharney, Cy _933297 |
||
| 245 |
_aThe instant manager / _cby Cy Charney |
||
| 250 | _arev. ed. | ||
| 260 |
_aNew Delhi _c2001 _bRupa and Company |
||
| 270 |
_bNew Delhi _a7/16, Ansari Road _e110002 |
||
| 300 |
_a259p. _c20cm(pbk) |
||
| 500 | _aIncludes index | ||
| 650 |
_aPersonnel management _x _933298 |
||
| 650 |
_aOrganizational behavior _912147 |
||
| 942 |
_2ddc _cEN _h658.4 _mCHA |
||
| 999 |
_c131950 _d131950 |
||